| 000 | 01101nam a2200289 a 4500 | ||
|---|---|---|---|
| 005 | 20090821151833.0 | ||
| 008 | 080927s2008 ii bs 001 0 eng | ||
| 010 | _aENG-94805 | ||
| 020 |
_a9788177081879 _c490.00 |
||
| 035 | _aEN-78338 | ||
| 037 | _bDBAD / PUB | ||
| 040 |
_adpl _bEnglish |
||
| 082 | _a307.14120954 | ||
| 245 |
_aMicro finance and rural development in India / _cedited by S.K. Das, B.P. Nanda (and) J. Rath |
||
| 260 |
_aNew Delhi _bNew Century Publications _c2008 |
||
| 270 |
_a4800/24, Bharat Ram Road, Ansari Road, Daryaganj _bNew Delhi _e110002 |
||
| 300 |
_axii, 163p. _c23cm(Hb) |
||
| 500 | _aIncludes statistical tables. | ||
| 500 | _aIncludes index | ||
| 650 |
_aMicrofinance _zIndia. |
||
| 650 |
_aRural development _zIndia. |
||
| 700 | _aDas, S. K., | ||
| 700 | _aNanda, B. P. | ||
| 700 |
_aRath, Jayadeb, _d1958- |
||
| 942 |
_2ddc _cEN _mMIC _h307.14120954 |
||
| 999 |
_c29415 _d29415 |
||